000 00486nam a2200181Ia 4500
003 GCL
008 140319s9999 xx 000 0 eng d
040 _aGCL /
_cGCL
082 0 4 _a895.6
_bP H
100 1 _aPORTER, WILLIAM N.
245 1 0 _aA HUNDRED VERSES FROM OLD JAPAN /
_cPORTER, WILLIAM N.
260 _a[S.N] :
_bCHARLES E. TUTTLE COMPANY ،
_c1993
300 _a100 P
650 0 4 _aLITERATURE
650 0 4 _aJAPAN - POETRY
650 0 4 _aJAPAN - LITERATURE
942 _2ddc
_cBK
999 _c11890
_d11890